书目信息 |
| 题名: |
实证研究:计划与设计
|
|
| 作者: | 利迪(PaulD.Leedy)珍妮·埃利斯·奥姆罗德(Jeanne Ellis Ormrod) | |
| 分册: | ||
| 出版信息: | 北京 机械工业出版社 2015.70 |
|
| 页数: | 293 | |
| 开本: | 26cm | |
| 丛书名: | ||
| 单 册: | ||
| 中图分类: | G31 | |
| 科图分类: | ||
| 主题词: | 科学研究--工作 | |
| 电子资源: | ||
| ISBN: | 7-111-50955-4 | |
| 000 | 00776nam0 2200181 450 | |
| 001 | 1735965424 | |
| 005 | 20170410095925.42 | |
| 010 | @a7-111-50955-4@b精装 | |
| 100 | @a20170410d km y0chiy0120 ea | |
| 101 | 0 | @achi |
| 200 | 1 | @a实证研究:计划与设计@Ashi zheng yan jiu:ji hua yu she ji@f(美)利迪(Paul D.Leedy) 珍妮.埃利斯.奥姆罗德(Jeanne Ellis Ormrod)@F(mei)li di(Paul D.Leedy)zhen ni.ai li si.ao mu luo de(Jeanne Ellis Ormrod) |
| 210 | @a北京@c机械工业出版社@d2015.70 | |
| 215 | @a293@d26cm | |
| 606 | 0 | @a科学研究@x工作 |
| 690 | @aG31@v4 | |
| 701 | 0 | @a利迪(PaulD.Leedy)珍妮·埃利斯·奥姆罗德(Jeanne Ellis Ormrod)@Ali di(PaulD.Leedy)zhen ni·ai li si·ao mu luo de(Jeanne Ellis Ormrod) |
| 801 | 0 | @aCN@b大连网信软件有限公司图书馆·11@c20170410 |
| 905 | @b6604874@dG31@en3@f1 | |
| 实证研究:计划与设计/(美)利迪(Paul D.Leedy) 珍妮.埃利斯.奥姆罗德(Jeanne Ellis Ormrod).-北京:机械工业出版社,2015.70 |
| 293;26cm |
| ISBN 7-111-50955-4(精装): |
| ● |
| 相关链接 |
|
|
|
|
正题名:实证研究:计划与设计
索取号:G31/n3
 
预约/预借
| 序号 | 登录号 | 条形码 | 馆藏地/架位号 | 状态 | 备注 |
| 1 | 6604874 | 266048742 | 密集书库-生命科学系/ [索取号:G31/n3] | 在馆 |